| 000 | 00352nam a2200109Ia 4500 | ||
|---|---|---|---|
| 008 | 230907s9999||||xx |||||||||||||| ||und|| | ||
| 082 |
_a333.7924 _bZOH-A |
||
| 100 | _aZohuri, Bahman. | ||
| 245 | 0 | _aApplication of compact heat exchangers for combined cycle driven efficiency in next generation nuclear power plants / | |
| 300 | _apages cm | ||
| 942 | _cBK | ||
| 999 |
_c597857 _d597857 |
||